header

The National police gazette and the making of the modern American man, 1879-1906 (Record no. 93520)

MARC details
000 -LEADER
fixed length control field 01674nam a22004094a 4500
082 04 - DEWEY DECIMAL CLASSIFICATION NUMBER
Classification number 305.31097309/034
100 1# - MAIN ENTRY--AUTHOR NAME
Personal name Reel, Guy.
245 14 - TITLE STATEMENT
Title The National police gazette and the making of the modern American man, 1879-1906
250 ## - EDITION STATEMENT
Edition statement 1st ed.
260 ## - PUBLICATION, DISTRIBUTION, ETC. (IMPRINT)
Place of publication New York :
Name of publisher Palgrave Macmillan,
Year of publication 2006.
300 ## - PHYSICAL DESCRIPTION
Number of Pages 251 p. :
Other physical details ill.
500 ## - GENERAL NOTE
General note Revision of thesis (doctoral), Ohio University.
650 #0 - SUBJECT ADDED ENTRY--TOPICAL TERM
Topical Term Masculinity
Topical Term Sex role
Topical Term Sensationalism in journalism
Topical Term Crime and the press
Topical Term Sports
Topical Term Sex
Topical Term Sports journalism
856 40 - ELECTRONIC LOCATION AND ACCESS
Uniform Resource Identifier http://site.ebrary.com/lib/rucke/Doc?id=10155131

No items available.

© 2026 Rongo University
Contact us: librarian | system librarian | Rongo university